[Event "Zweibruecken PSB-ch HT4 82nd"]
[Site "Zweibruecken"]
[Date "2013.03.30"]
[Round "7"]
[White "Baier, Philip"]
[Black "Haygood, John"]
[Result "1-0"]
[WhiteElo "1857"]
[BlackElo "1646"]
[PlyCount "59"]
[EventDate "2013.??.??"]
[EventType "swiss"]
[EventRounds "7"]
[EventCountry "GER"]
[SourceTitle "EXT 2014"]
[Source "ChessBase"]
[SourceDate "2013.11.20"]
[SourceVersion "1"]
[SourceVersionDate "2013.11.20"]
[SourceQuality "1"]

1. e4 c5 2. Nc3 Nc6 3. f4 e6 4. Nf3 a6 5. g3 b5 6. Bg2 Bb7 7. d3 Qc7 8. 0-0 h5 9. Be3 Nf6 10. h3 0-0-0 11. e5 Nd5 12. Nxd5 exd5 13. Ng5 d4 14. Nxf7 dxe3 15. Nxh8 d5 16. Qxh5 c4 17. Nf7 Bc5 18. Kh2 Rf8 19. Qg4+ Kb8 20. Ng5 Nd4 21. Ne6 Bc8 22. Nxc7 Bxg4 23. Nxa6+ Ka8 24. Nxc5 e2 25. hxg4 Rh8+ 26. Kg1 Nxc2 27. Rfe1 Nxa1 28. Rxa1 Kb8 29. Re1 Kc8 30. d4 1-0

[Event "Zweibruecken PSB-ch HT4 82nd"]
[Site "Zweibruecken"]
[Date "2013.03.29"]
[Round "6"]
[White "Haygood, John"]
[Black "Zuniga Hinderberger, Andreas"]
[Result "1-0"]
[WhiteElo "1646"]
[BlackElo "1421"]
[PlyCount "37"]
[EventDate "2013.??.??"]
[EventType "swiss"]
[EventRounds "7"]
[EventCountry "GER"]
[SourceTitle "EXT 2014"]
[Source "ChessBase"]
[SourceDate "2013.11.20"]
[SourceVersion "1"]
[SourceVersionDate "2013.11.20"]
[SourceQuality "1"]

1. e4 Nf6 2. d3 d6 3. Nf3 g6 4. g3 e5 5. Bg2 Bg7 6. Nbd2 Nc6 7. c3 0-0 8. 0-0 Be6 9. b4 Nh5 10. b5 Ne7 11. a4 f5 12. Ng5 Qd7 13. Nxe6 Qxe6 14. Nf3 f4 15. Ng5 Qd7 16. Qb3+ d5 17. Bh3 Qe8 18. exd5 Kh8 19. Ne6 1-0

[Event "Zweibruecken PSB-ch HT4 82nd"]
[Site "Zweibruecken"]
[Date "2013.03.24"]
[Round "3"]
[White "Haygood, John"]
[Black "Porcher, Ernst Michael"]
[Result "1-0"]
[WhiteElo "1646"]
[BlackElo "1564"]
[PlyCount "61"]
[EventDate "2013.??.??"]
[EventType "swiss"]
[EventRounds "7"]
[EventCountry "GER"]
[SourceTitle "EXT 2014"]
[Source "ChessBase"]
[SourceDate "2013.11.20"]
[SourceVersion "1"]
[SourceVersionDate "2013.11.20"]
[SourceQuality "1"]

1. Nf3 d5 2. d4 Nf6 3. c4 dxc4 4. g3 Bf5 5. Bg2 e6 6. Qa4+ Nc6 7. Ne5 Bb4+ 8. Kf1 0-0 9. Nxc6 bxc6 10. Qxb4 Qxd4 11. Qd2 Qb6 12. Qe3 Rad8 13. Nc3 Rd4 14. f3 Rfd8 15. Kf2 e5 16. b3 e4 17. Na4 exf3 18. Bxf3 Qb5 19. Bb2 Re4 20. Qc5 Rxe2+ 21. Kxe2 c3+ 22. Qxb5 Rd2+ 23. Ke3 cxb5 24. Bxc3 Rd3+ 25. Kf4 g5+ 26. Kxg5 bxa4 27. Bxf6 Rxf3 28. Raf1 axb3 29. axb3 Rxf1 30. Rxf1 Be6 31. Rd1 1-0